Limitationen des Femi(ni)zidbegriffs: Plädoyer für ein intersektionales, queerfeministisches Verständnis von Gewalt

Gespeichert in:  
Bibliographische Detailangaben
1. VerfasserIn: Maier, Sabine (Verfasst von)
Medienart: Druck Aufsatz
Sprache:Deutsch
Veröffentlicht: 2024
In: Psychologie & Gesellschaftskritik
Jahr: 2024, Band: 48, Heft: 3/4, Seiten: 675-694
Verfügbarkeit prüfen: HBZ Gateway
Schlagwörter:

MARC

LEADER 00000caa a2200000 c 4500
001 192854942X
003 DE-627
005 20251022140724.0
007 tu
008 250618s2024 xx ||||| 00| ||ger c
035 |a (DE-627)192854942X 
035 |a (DE-599)KXP192854942X 
040 |a DE-627  |b ger  |c DE-627  |e rda 
041 |a ger 
084 |a 2,1  |2 ssgn 
100 1 |a Maier, Sabine  |e VerfasserIn  |0 (DE-588)1294123343  |0 (DE-627)1851087168  |4 aut 
109 |a Maier, Sabine  |a Maier, Sabine Patricia 
245 1 0 |a Limitationen des Femi(ni)zidbegriffs  |b Plädoyer für ein intersektionales, queerfeministisches Verständnis von Gewalt  |c Sabine Patricia Maier 
246 3 0 |a Feminizidbegriffs 
264 1 |c 2024 
336 |a Text  |b txt  |2 rdacontent 
337 |a ohne Hilfsmittel zu benutzen  |b n  |2 rdamedia 
338 |a Band  |b nc  |2 rdacarrier 
500 |a Literaturverzeichnis: Seite 691-694 
650 4 |a Femizid 
650 4 |a Intersektionalität 
650 4 |a Queerfeminismus 
650 4 |a Geschlechtsbezogene Gewalt 
650 4 |a Diskriminierung 
773 0 8 |i Enthalten in  |t Psychologie & Gesellschaftskritik  |d Lengerich : Pabst Science Publ., 1978  |g 48(2024), 3/4, Seite 675-694  |w (DE-627)129568740  |w (DE-600)224526-7  |w (DE-576)015043290  |x 0170-0537  |7 nnas 
773 1 8 |g volume:48  |g year:2024  |g number:3/4  |g pages:675-694 
776 1 |o 10.2440/007-0025 
951 |a AR 
ELC |b 1 
LOK |0 000 xxxxxcx a22 zn 4500 
LOK |0 001 4735890424 
LOK |0 003 DE-627 
LOK |0 004 192854942X 
LOK |0 005 20250618134958 
LOK |0 008 250618||||||||||||||||ger||||||| 
LOK |0 040   |a DE-21-110  |c DE-627  |d DE-21-110 
LOK |0 852   |a DE-21-110 
LOK |0 852 1  |m p  |9 00 
LOK |0 866   |x #a#Maier, Sabine Patricia#/a# 
LOK |0 935   |a t110 
LOK |0 938   |k p 
LOK |0 939   |a 18-06-25  |b l01 
LOK |0 000 xxxxxcx a22 zn 4500 
LOK |0 001 4790758974 
LOK |0 003 DE-627 
LOK |0 004 192854942X 
LOK |0 005 20251022141543 
LOK |0 008 251022||||||||||||||||ger||||||| 
LOK |0 040   |a DE-2619  |c DE-627  |d DE-2619 
LOK |0 092   |o n 
LOK |0 852   |a DE-2619 
LOK |0 852 1  |9 00 
LOK |0 939   |a 22-10-25  |b l01 
ORI |a SA-MARC-krimdoka001.raw